| 000 | 02115nam a22002657a 4500 | ||
|---|---|---|---|
| 999 |
_c346886 _d346886 |
||
| 001 | 60918 | ||
| 003 | UA-OsUOA | ||
| 005 | 20230504161302.0 | ||
| 007 | ta | ||
| 008 | 20090611b un ||||| |||| 00| 0 ukr d | ||
| 020 | _a978-966-02-5007-9 | ||
| 040 |
_aUA-OsUOA _bukr _cUA-OsUOA _dUA-OsUOA |
||
| 041 | _aukr | ||
| 080 | _a94(477).04:323.2 | ||
| 090 |
_a94(477).04:323.2 _bГ70 |
||
| 100 | _aГоробець В. | ||
| 245 | _aВлада та соціум гетьманату: дослідження з політичної і соціальної історії ранньомодерної України | ||
| 260 |
_aК. _c2009 |
||
| 300 | _a271 с. | ||
| 520 | _aУ монографії досліджуються різноманітні аспекти соціальної та політичної організації козацької України. Реконструюється інституційна модель організації влади Гетьманату, з’ясовуються механізми функціонування її окремих елементів на центральному і місцевому рівнях, відтворюється персональний склад козацької адміністрації та простежуються шляхи службового зростання старшин. Акцентована увага звертається на судочинство Гетьманату, аналіз якого в антропологічному вимірі допомагає відтворити способи реалізації владних повноважень козацьких старшин у цій сфері, а також з’ясувати матеріальну вигоду суддів від судового і позасудового полагодження конфліктів. | ||
| 650 | 7 |
_a9 Географія. Біографії. Історія _2UDC |
|
| 942 |
_cBK _2udc |
||
| 955 | _a2 | ||